O Pai Natal não vive no Pólo Norte (Registo nº 6018)

Detalhes MARC
000 -Etiqueta do registo
Valores 01797nam a2200241 4500
010 ## - Número ISBN
ISBN 9789895833740
021 ## - Número do Depósito Legal
Número 538462/24
100 ## - Dados gerais de processamento
Dados gerais 20250925d2024 b y0pory50030103ba
200 1# - Titulo e menção de responsabilidade
Título próprio O Pai Natal não vive no Pólo Norte
Primeira menção de responsabilidade texto e il. Afonso Cruz
Outras menções de responsabilidade posf. Joana Bértholo
210 #9 - Publicação
Local de publicação Lisboa
Nome do editor Fábula
Data de publicação 2024
215 ## - Descrição física 
Paginação / Volumes [34] p.
Outras indicações físicas il.
330 ## - Sumário ou Resumo
Texto da nota Mais uma vez, Afonso Cruz escreve para provocar os leitores e levá-los a pensar criticamente no que os rodeia. Com ironia - subtil, mas crua - apresenta uma obra em que texto e ilustrações estão em contradição, dizem coisas diferentes, e isso torna a mensagem ainda mais forte, porque é desconcertante.<br/><br/>Com um Pai Natal - personagem criada pela publicidade para esta quadra - como figura central, esta é uma história para leitores de várias gerações.<br/><br/>Se é verdade que o Natal é uma quadra em que as boas intenções e o espírito de solidariedade e generosidade são veiculados, também é verdade que a profundidade do sentido primordial do Natal tem vindo a dar lugar a uma superficialidade e consumismo que transforma a compra de presentes na adulteração do que deve ser a manifestação de amor ao próximo.<br/><br/>«Uma das muitas coisas que me atraem nos livros de Afonso Cruz é a forma que têm de urdir sombra e luz, levando-nos pela mão pelo que na experiência humana há de inconciliável, intratável ou penoso, sem nos deixar perder de vista a beleza, a poesia e o espanto.»
606 ## - Nome comum usado como assunto
ID Autoridade 14
Palavra de ordem Literatura infantil
606 ## - Nome comum usado como assunto
ID Autoridade 15
Palavra de ordem Literatura Portuguesa
675 ## - CDU
Notação 82-93
Edição BN
Língua por
675 ## - CDU
Notação 821.134.3
Edição BN
Língua por
700 ## - Autor principal (pessoa individual)
Apelido Cruz
Nome Afonso
Datas 1971-
ID Autoridade 276
702 ## - Autor secundário (pessoa individual)
Apelido Bértholo
Nome Joana
Datas 1982-
ID Autoridade 5704
801 #0 - Fonte de origem
País PT
Agência BEN2VN
Regras de catalogação RPC
830 ## - Notas gerais do catalogador
Criado por Tânia Croca
Data de criação 25/09/2025
990 ## - Elementos KOHA
Tipo de documento Livro
Exemplares
Situação do levantamento Biblioteca de origem Código de barras Cota Permissão de empréstimo Tipo de documento Forma de aquisição
  Biblioteca Escola Nº2 Vendas Novas 100000012227 LI POR/CRU   Livro  

Powered by Koha